| 000 | 00544nam a2200169Ia 4500 | ||
|---|---|---|---|
| 008 | 230925s9999||||xx |||||||||||||| ||und|| | ||
| 082 | _a621.45 ULL | ||
| 100 |
_aUllah, Sami (317828) _9118234 |
||
| 245 | 0 | _aOptimized Synthesis and Characterization of Spirogyra Derived Activated Carbon for High Performance Supercapacitors / | |
| 260 |
_bUSPCAS-E, NUST,Islamabad : _c2023 |
||
| 300 | _axi, 66 p. | ||
| 520 | _aTH-469 | ||
| 650 |
_vMS Thesis _918721 |
||
| 650 | _vMS-ESE Thesis | ||
| 700 |
_aDr. Rabia Liaquat _928881 |
||
| 942 |
_cTHE _2ddc |
||
| 999 |
_c603216 _d603216 |
||